000 00690nam0a22002411 4500
001 rc\256189
005 20250621023634.0
035 _a(NLR Aleph) 005527801
090 _a5576926
_c5576926
100 _a20030307d1990 |||y0rusy50 ca
101 0 _arus
102 _aRU
105 _ay |||||||||
200 1 _aГорбун
_eПьеса в 4 актах
_fПер. с пол. Ирины Щербаковой
210 _aМ.
_cБ. и.
_d1990
215 _a124 л.
_d28
333 _aНа правах рукописи
700 1 _aМрожек
_bС.
_f1930-
_gСлавомир
801 0 _aRU
_bNLR
_gpsbo
801 1 _aRU
_bELAR
_2rusmarc
852 _aNLR
_j90-8/1035
942 _cBOOK
980 _aNB